000 01135nam a22002657a 4500
001 113448
003 UA-OsUOA
005 20220622123455.0
007 ta
008 20150908b un ||||| |||| 00| 0 ukr d
020 _a9789663446059
040 _aUA-OsUOA
_brus
_cUA-OsUOA
_dUA-OsUOA
041 _arus
080 _a244
090 _a244
_bЕ15
100 _aЕвдокимов П. Н.
245 _aЖенщина и спасение мира. Исследование христианской антропологии о харизмах женщины
260 _aОдесса
_bOptimum
_c2015
300 _a452 c.
520 3 _aСодержание БИОГРАФИЧЕСКАЯ СПРАВКА ПРЕДИСЛОВИЕ Часть первая Антропология Часть вторая. Библейская Ева и женщина в истории Часть третья. Архетипы ЗАКЛЮЧЕНИЕ ХАРИЗМЫ МУЖЧИНЫ И ЖЕНЩИНЫ
650 7 _a2 Релігія. Теологія.
_2UDC
942 _cBK
_2udc
955 _a1
999 _c399199
_d399199